Faculty of Law Library — Cairo University

Official Online Catalog

ندوة قانون البحار الجديد والمصالح العربية : (Record no. 64717)

MARC details
000 -LEADER
fixed length control field 01354nam a2200337 a 4500
003 - CONTROL NUMBER IDENTIFIER
control field EG-GICUC
005 - DATE AND TIME OF LATEST TRANSACTION
control field 20260303122725.0
008 - FIXED-LENGTH DATA ELEMENTS--GENERAL INFORMATION
fixed length control field 260303s1977 ua ||||fr|||| 000 0 ara d
017 ## - COPYRIGHT OR LEGAL DEPOSIT NUMBER
Copyright or legal deposit number 77/5108
020 ## - INTERNATIONAL STANDARD BOOK NUMBER
International Standard Book Number 977-7191-41-3
040 ## - CATALOGING SOURCE
Original cataloging agency EG-GICUC
Language of cataloging ara
Transcribing agency EG-GICUC
Modifying agency EG-GICUC
Description conventions rda
041 0# - LANGUAGE CODE
Language code of text/sound track or separate title ara
082 04 - DEWEY DECIMAL CLASSIFICATION NUMBER
Edition number 21
Classification number 341.44
Item number م ع . ن
092 04 - LOCALLY ASSIGNED DEWEY CALL NUMBER (OCLC)
Edition number 21
099 ## - LOCAL FREE-TEXT CALL NUMBER (OCLC)
Classification number Law1 11 1977 341.44 م ع .ن
111 2# - MAIN ENTRY--MEETING NAME
Meeting name or jurisdiction name as entry element معهد البحوث والدراسات العربية ،
Relator term مؤلف.
245 10 - TITLE STATEMENT
Title ندوة قانون البحار الجديد والمصالح العربية :
Remainder of title القاهرة : ١٢-١٤ يناير "كانون الثاني " ١٩٧٦ /
Statement of responsibility, etc. تأليف معهد البحوث والدراسات العربية .
264 #3 - PRODUCTION, PUBLICATION, DISTRIBUTION, MANUFACTURE, AND COPYRIGHT NOTICE
Place of production, publication, distribution, manufacture القاهرة :
Name of producer, publisher, distributor, manufacturer دار غريب ،
Date of production, publication, distribution, manufacture, or copyright notice ١٩٧٧ .
300 ## - PHYSICAL DESCRIPTION
Extent 124 صفحة؛
Other physical details إيضاحيات، صور، مثيليات ؛
Dimensions 24 سم
336 ## - CONTENT TYPE
Source rda content
Content type term text
337 ## - MEDIA TYPE
Source rda media
Media type term Computer
338 ## - CARRIER TYPE
Source rda carrier
Carrier type term Online Resource
504 ## - BIBLIOGRAPHY, ETC. NOTE
Bibliography, etc. note ببليوجرافيا: صفحات 113- 125.
546 ## - LANGUAGE NOTE
Language note النص باللغة العربية
650 14 - SUBJECT ADDED ENTRY--TOPICAL TERM
Topical term or geographic name entry element القانون الدولي العام
Source of heading or term qrmak
651 1# - SUBJECT ADDED ENTRY--GEOGRAPHIC NAME
Source of heading or term qrmak
653 ## - INDEX TERM--UNCONTROLLED
Uncontrolled term قانون البحار
856 40 - ELECTRONIC LOCATION AND ACCESS
Uniform Resource Identifier <a href="https://fll.law.cu.edu.eg/fulltext/conf/B11-04092.pdf">https://fll.law.cu.edu.eg/fulltext/conf/B11-04092.pdf</a>
905 ## - Cataloger and Reviser Names
Cataloger Name: A'laa Ahmed
942 ## - ADDED ENTRY ELEMENTS (KOHA)
Source of classification or shelving scheme Dewey Decimal Classification
Koha item type Books
Edition 21
Suppress in OPAC No
Holdings
Withdrawn status Lost status Source of classification or shelving scheme Damaged status Not for loan Collection Home library Current library Date acquired Total checkouts Full call number Barcode Date last seen Copy number Price effective from Koha item type
    Dewey Decimal Classification   Not for loan القانون الدولي العام جــــامعة القــاهرة مكتبة كلية الحقوق - المبنى الرئيسي 03.03.2026   Law1 11 1977 1104092 341.44 م ع .ن C1 B11-04092 @ 03.03.2026 1 03.03.2026 Books
    Dewey Decimal Classification     القانون الدولي العام جــــامعة القــاهرة مكتبة كلية الحقوق - المبنى الرئيسي 03.03.2026   Law1 11 1977 1104139 341.44 م ع .ن C2 B11-04139 03.03.2026 2 03.03.2026 Books

© All rights reserved — Faculty of Law, Cairo University